000 00920cad a22002175a 4500
001 L156500
008 120530e20120528xxk 000 0 eng d
035 _a(Sirsi) u156500
041 0 _aeng
110 2 _aUnited Kingdom
_bDepartment for Communities and Local Government
_94939
245 0 0 _aNew council tax help for hardworking families and pensioners[electronic resource]
260 _c2012
490 _aDCLG Press Notice
_v28 May 2012
520 _aOutlines plans to amend council tax rules to allow greater flexibility on tax billing, second homes, empty homes, solar panels and annexes built onto family homes to house extended family members.
590 _aKA
651 4 _aEngland
_y886-
690 _aFinance and taxation
690 _aResidential property
_96266
856 4 0 _uhttps://www.communities.gov.uk/news/corporate/21464671
_zView this item free of charge at www.comminities.gov.uk
942 _n0
999 _c84040
_d84040